| 000 | 00669cam a2200145 4500500 | ||
|---|---|---|---|
| 005 | 20260208002336.0 | ||
| 041 | _afre | ||
| 042 | _adc | ||
| 100 | 1 | 0 |
_aBrohan, Mickaël _eauthor |
| 245 | 0 | 0 | _aLuisa Elvira Belaunde, Viviendo Bien. Género y Fertilidad entre los Airo-Pai de la Amazonía peruana. Préface de F. Santos-Granero, Lima, Centro Amazónico de Antropología y Aplicación Práctica-Banco central de Reserva del Perú, 2001, 254 p., bibl., ill. |
| 260 | _c2005. | ||
| 500 | _a51 | ||
| 786 | 0 | _nL'Homme | 173 | 1 | 2005-01-01 | p. 199q-283q | 0439-4216 | |
| 856 | 4 | 1 | _uhttps://shs.cairn.info/revue-l-homme-2005-1-page-199q?lang=fr&redirect-ssocas=7080 |
| 999 |
_c1645929 _d1645929 |
||